00544 a2200121 450000500170000002000180001708200200003511100200005524500730007526000920014830000700024085601120031020250614091127.0 a0-8213-5720-4 aLECT 330.96 THE aThe world bank, aAfrican development indicators 2004: from the World Africa Database. aWashington D. C., bThe international Bank for reconstruction and development, c2004. axxvi, 397p.: ill.; chart, figure, table. bBibliography, c27cm.  yAccess online bookfAfrican development indicators 2004: from the World Africa Database.dwww.worldbank.org